[Event "Budapest Statistika"]
[Site "Budapest"]
[Date "1994.??.??"]
[Round "10"]
[White "Varga, Peter"]
[Black "Fancsy, Imre"]
[Result "1-0"]
[WhiteElo "2330"]
[BlackElo "2400"]

1.d4 Nf6 2.c4 e6 3.Nc3 Bb4 4.Qc2 O-O 5.a3 Bxc3+ 6.Qxc3 b6 7.Nf3 Bb7 8.Bg5 d6
9.e3 Nbd7 10.Be2 Rc8 11.Qc2 c5 12.b4 cxd4 13.exd4 Ba6 14.Qa2 Re8 15.O-O Qc7
16.Rac1 Qb8 17.h3 d5 18.c5 Bxe2 19.Qxe2 Ne4 20.c6 Nf8 21.b5 Ng6 22.Be3 Nd6
23.a4 h6 24.Bd2 Nc4 25.g3 Qd6 26.Ra1 Ra8 27.h4 Rec8 28.h5 Ne7 29.Bf4 Qb4
30.Rfb1 Qc3 31.Rc1 Qb4 32.Ne5 Na5 33.Bd2 Qxd4 34.Bc3 Qe4 35.Qxe4 dxe4 36.Bxa5 bxa5
37.Nc4 Nd5 38.Nd6 Rd8 39.Nxe4 Nb6 40.Rd1 Rxd1+ 41.Rxd1 Nxa4 42.c7 Rf8 43.Rd8 Nb6
44.Nd6 a4  1-0

[Event "Budapest FS07 IM"]
[Site "Budapest"]
[Date "1994.??.??"]
[Round "11"]
[White "Hoang Than Trang"]
[Black "Eperjesi, Laszlo"]
[Result "1/2-1/2"]
[WhiteElo "2285"]
[BlackElo "2370"]

1.d4 Nf6 2.c4 e6 3.Nc3 Bb4 4.Qc2 O-O 5.a3 Bxc3+ 6.Qxc3 b6 7.Nf3 Bb7 8.Bg5 d6
9.Nd2 Nbd7 10.f3 h6 11.Bh4 c5 12.e4 Rc8 13.Bd3 cxd4 14.Qxd4 Ne5 15.Be2 Ng6
16.Bxf6 Qxf6 17.Qxf6 gxf6 18.g3 d5 19.exd5 exd5 20.Kf2 Rfd8 21.Rhd1 Ne5 22.b3 dxc4
23.Nxc4 Bd5 24.Nd2 Be6 25.Ne4 Bxb3 26.Nxf6+ Kg7 27.Nh5+ Kf8 28.Rxd8+ Rxd8
29.Rc1 Nd3+ 30.Bxd3 Rxd3 31.Rc8+ Ke7 32.Rc7+ Rd7 33.Rxd7+ Kxd7 34.Ke3 Ke7
35.h4 a5 36.Nf4 b5 37.Kd4 Bd1  1/2-1/2

[Event "Buenos Aires GP1"]
[Site "Buenos Aires"]
[Date "1994.??.??"]
[Round "2"]
[White "Tanner, Pedro"]
[Black "Zarnicki, Pablo"]
[Result "0-1"]
[WhiteElo "2055"]
[BlackElo "2435"]

1.d4 Nf6 2.c4 e6 3.Nc3 Bb4 4.Qc2 O-O 5.Bg5 c5 6.dxc5 Na6 7.a3 Bxc3+ 8.Qxc3 Nxc5
9.Bxf6 Qxf6 10.Qxf6 gxf6 11.g3 b6 12.Bg2 Bb7 13.Bxb7 Nxb7 14.Rd1 Na5 15.c5 bxc5
16.Rxd7 Rfd8 17.Rxd8+ Rxd8 18.Nf3 Rb8 19.b4 cxb4 20.axb4 Rxb4 21.Kd2 Kf8
22.Kc3 Rb3+ 23.Kc2 Ra3 24.Nd2 Nc6 25.Kb2 Ra5 26.Rc1 Rb5+ 27.Ka3 Rb6 28.Rc4 f5
29.f4 Ke7 30.e4 fxe4 31.Nxe4 f5 32.Nd2 Kd6 33.Rc3 Rb5 34.Nc4+ Kd7 35.Ne3 Rb1
36.Rd3+ Kc7 37.Rc3 Ra1+ 38.Kb3 Rh1 39.Kc4 Rxh2 40.Kb5 Rb2+ 41.Ka4 Ra2+ 42.Kb3 Ra5
43.Rc1 Rb5+ 44.Ka3 Rb8 45.Nc4 Rd8 46.Ne5 Rd6 47.Ka4 Kb7 48.Rb1+ Ka6 49.Rc1 Nxe5
50.fxe5 Rd4+ 51.Kb3 Kb6  0-1

[Event "Buenos Aires PRENAJ"]
[Site "Buenos Aires"]
[Date "1994.??.??"]
[Round "3"]
[White "Llanos, Guillermo"]
[Black "Zarnicki, Pablo"]
[Result "1/2-1/2"]
[WhiteElo "2365"]
[BlackElo "2435"]

1.d4 Nf6 2.c4 e6 3.Nc3 Bb4 4.Qc2 O-O 5.a3 Bxc3+ 6.Qxc3 b6 7.Nf3 Bb7 8.b4 d6
9.e3 Nbd7 10.Bb2 Ne4 11.Qc2 f5 12.Bd3 Qe8 13.O-O Ndf6 14.Nd2 Nxd2 15.Qxd2 Ne4
16.Qc2 Rf6 17.f3 Ng5 18.d5 Rh6 19.f4 Ne4 20.Bxe4 fxe4 21.dxe6 Qh5 22.h3 Qf5
23.Qc3 Rg6 24.Kh2 h5 25.c5 Re8 26.cxd6 cxd6 27.Rf2 Re7 28.Rc1 Rgxe6 29.Qd4 h4
30.Rfc2 Qg6 31.Kh1 Ba6 32.Qd5 Bb7 33.Qd4 Qf7 34.b5 Rg6 35.a4 Bd5 36.Rc8+ Kh7
37.Rd8 Be6 38.Rxd6 Rg3 39.Rcc6 Qh5 40.Qe5 Qxe5  1/2-1/2

[Event "Buenos Aires PRENAJ"]
[Site "Buenos Aires"]
[Date "1994.??.??"]
[Round "5"]
[White "Llanos, Guillermo"]
[Black "Tempone, Marcelo"]
[Result "1/2-1/2"]
[WhiteElo "2365"]
[BlackElo "2460"]

1.d4 Nf6 2.c4 e6 3.Nc3 Bb4 4.Qc2 O-O 5.a3 Bxc3+ 6.Qxc3 Qe8 7.f3 d5 8.Bg5 Nbd7
9.e3 h6 10.Bh4 b6 11.cxd5 Nxd5 12.Qd2 Bb7 13.e4 Ne7 14.Rc1 Rc8 15.Bb5 a6
16.Ba4 f5 17.exf5 Nxf5 18.Bf2 Qe7 19.Ne2 Nf6 20.O-O Rfd8 21.Nf4 Nd5 22.Nxd5 Bxd5
23.Qf4 Qd6 24.Qg4 Rf8  1/2-1/2

[Event "Buenos Aires PRENAJ"]
[Site "Buenos Aires"]
[Date "1994.??.??"]
[Round "6"]
[White "Piscicelli, Daniel"]
[Black "Diaz, Nahuel"]
[Result "0-1"]
[WhiteElo "2340"]
[BlackElo "2315"]

1.d4 Nf6 2.c4 e6 3.Nc3 Bb4 4.Qc2 O-O 5.a3 Bxc3+ 6.Qxc3 b6 7.b3 Ne4 8.Qc2 Bb7
9.Bb2 d6 10.Nf3 Nd7 11.e3 f5 12.Bd3 Qe8 13.O-O Qh5 14.Ne1 Rf6 15.Be2 Qh4
16.Nf3 Qh6 17.c5 Bd5 18.Bc4 Bxc4 19.Qxc4 Raf8 20.cxb6 cxb6 21.Qe2 Qh5 22.Qb5 R8f7
23.Rfc1 g5 24.Rc8+ Nf8 25.h3 g4 26.hxg4 Qxg4 27.d5 Rg6 28.Ne1 Qh4 29.Rc2 e5
30.Kf1 Rh6 31.Nf3 Qg4 32.Ke2 f4 33.Qd3 Nc5 34.Rxc5 bxc5 35.e4 Rg6 36.b4 cxb4
37.axb4 Qxg2 38.b5 Rb7 39.Ra6 Qg4 40.Ba3 Rd7 41.Bb4 h5 42.Qa3 h4 43.Bxd6 h3
44.Bxf8 Rxa6 45.Qxa6 h2 46.Qa1 Rh7 47.Qh1 Kxf8 48.d6 Rh3 49.d7 Qxd7 50.Kf1 Qd1+
51.Ne1 f3  0-1

[Event "BUL-ch"]
[Site "BUL"]
[Date "1994.??.??"]
[Round "10"]
[White "Genov, Petar"]
[Black "Kolev, Atanas"]
[Result "0-1"]
[WhiteElo "2470"]
[BlackElo "2490"]

1.d4 Nf6 2.c4 e6 3.Nc3 Bb4 4.Qc2 O-O 5.a3 Bxc3+ 6.Qxc3 b6 7.Nf3 Bb7 8.e3 d6
9.Be2 Nbd7 10.O-O Ne4 11.Qc2 f5 12.Ne1 Qh4 13.d5 exd5 14.cxd5 Bxd5 15.Bc4 Nef6
16.Bxd5+ Nxd5 17.Qc6 N7f6 18.b4 Qe4 19.Bb2 Rac8 20.Rd1 f4 21.Nc2 fxe3 22.fxe3 Ne7
23.Qa4 d5 24.Rf4 Qg6 25.Nd4 Ng4 26.Qb3 Rxf4 27.exf4 c5 28.Nf3 c4 29.Qc3 Nf6
30.Re1 Ne4 31.Qe5 Qf7 32.Ng5 Nxg5 33.fxg5 Nc6 34.Qd6 Rf8 35.h3 Qf2+ 36.Kh2 Qxe1
37.Qxd5+ Kh8 38.Qxc6 Qf1 39.Be5 Qf5 40.Qd6 Re8 41.Bc3 Qxg5 42.Qc7 Rf8  0-1

[Event "Calcutta op2"]
[Site "Calcutta"]
[Date "1994.??.??"]
[Round "?"]
[White "Shantanu, Lahiri"]
[Black "Deshmukh, Anup"]
[Result "0-1"]
[WhiteElo "2155"]
[BlackElo "2270"]

1.d4 Nf6 2.c4 e6 3.Nc3 Bb4 4.Qc2 O-O 5.a3 Bxc3+ 6.Qxc3 Ne4 7.Qc2 f5 8.e3 b6
9.Nh3 Bb7 10.f3 Nf6 11.Bd3 d6 12.O-O c5 13.Nf4 Qe7 14.d5 exd5 15.cxd5 g6
16.e4 c4 17.Qxc4 Ba6 18.Qd4 Bxd3 19.Nxd3 fxe4 20.fxe4 Qxe4 21.Qxe4 Nxe4 22.Rxf8+ Kxf8
23.Bh6+ Kg8 24.Re1 Nf6 25.Re6 Nbd7 26.Bg5 Kf7 27.Rxd6 Re8 28.Nf4 Re1+ 29.Kf2 Rc1
30.Bxf6 Nxf6 31.Rc6  0-1

[Event "Cannes op"]
[Site "Cannes"]
[Date "1994.??.??"]
[Round "2"]
[White "Dorfman, Josif D"]
[Black "Eismont, Oleg"]
[Result "1/2-1/2"]
[WhiteElo "2570"]
[BlackElo "2440"]

1.d4 Nf6 2.c4 e6 3.Nc3 Bb4 4.Qc2 O-O 5.a3 Bxc3+ 6.Qxc3 b6 7.Bg5 Bb7 8.f3 c5
9.dxc5 bxc5 10.e3 a5 11.Nh3 h6 12.Bh4 d6 13.Be2 Nbd7 14.O-O a4 15.Rad1 Ra6
16.Nf2 Qc7 17.Rd2 Rb6 18.Bd1 Ra8 19.Bc2 Raa6 20.Rfd1 Ba8 21.e4 g5 22.Bg3 e5
23.Rb1 Nf8  1/2-1/2

[Event "Cappelle op"]
[Site "Cappelle la Grande"]
[Date "1994.??.??"]
[Round "2"]
[White "Gerard, Nicolas"]
[Black "Danielian, Oganes"]
[Result "0-1"]
[WhiteElo "2160"]
[BlackElo "2445"]

1.d4 e6 2.c4 Nf6 3.Nc3 Bb4 4.Qc2 O-O 5.Nf3 d6 6.e3 b6 7.Be2 Bb7 8.O-O Bxc3
9.Qxc3 Ne4 10.Qc2 Nd7 11.Nd2 f5 12.f3 Ng5 13.b4 Qf6 14.Bb2 Qh6 15.Bd3 Nf6
16.Rae1 Qh4 17.Nb3 a5 18.bxa5 Bxf3 19.Qf2 Qxf2+ 20.Rxf2 Be4 21.Rd2 Bxd3 22.Rxd3 bxa5
23.Nd2 Rfb8 24.Ba3 Nge4 25.Nf3 Ra6 26.g3 Rab6 27.Rc1 Rb1 28.Rdd1 Nc3 29.Rxb1 Nxb1
30.Rd3 Ne4 31.c5 Nbc3 32.cxd6 cxd6 33.Nd2 Nxa2 34.Nxe4 fxe4 35.Rd2 Rb1+ 36.Kg2 Nb4
37.Kh3 Rb3 38.Bxb4 axb4 39.Re2 Rc3 40.Kg4 b3 41.Rb2 Rxe3 42.Kf4 Rc3 43.Kxe4 Kf7
44.d5 e5 45.g4 Ke7 46.Kf5 Re3 47.Rb1 Kf7 48.h4 g6+  0-1

[Event "Copenhagen op2"]
[Site "Copenhagen"]
[Date "1994.??.??"]
[Round "3"]
[White "Olsen, Peter Erik"]
[Black "Henrichsen, Jens"]
[Result "1-0"]
[WhiteElo "2220"]
[BlackElo "2135"]

1.d4 Nf6 2.c4 e6 3.Nc3 Bb4 4.Qc2 O-O 5.a3 Bxc3+ 6.Qxc3 b6 7.Bg5 h6 8.Bh4 Bb7
9.f3 d5 10.e3 Nbd7 11.Nh3 Re8 12.Bd3 c5 13.cxd5 exd5 14.O-O a5 15.Bb5 Ba6
16.Bxf6 gxf6 17.Bxa6 Rxa6 18.Nf4 Qa8 19.Qd3 cxd4 20.exd4 b5 21.Qf5 Nb6 22.Nh5  1-0

[Event "Copenhagen op16"]
[Site "Copenhagen"]
[Date "1994.??.??"]
[Round "5"]
[White "Andersen, Ole Bo"]
[Black "Henrichsen, Jens"]
[Result "0-1"]
[WhiteElo "2225"]
[BlackElo "2150"]

1.d4 Nf6 2.c4 e6 3.Nc3 Bb4 4.Qc2 O-O 5.a3 Bxc3+ 6.Qxc3 b6 7.Bg5 Bb7 8.e3 d6
9.f3 h6 10.Bh4 Nbd7 11.Bd3 Re8 12.Ne2 e5 13.O-O e4 14.fxe4 Bxe4 15.Bxe4 Rxe4
16.Bxf6 Nxf6 17.Ng3 Re8 18.Rf4 d5 19.Raf1 Re6 20.e4 Nxe4 21.Nxe4 dxe4 22.d5 Re7
23.Rg4 Qf8 24.Qf6 g6 25.h4 h5 26.Rg5 Rae8 27.Rxh5 Qg7 28.Rg5 Qxf6 29.Rxf6 e3
30.Kf1 Re4 31.Ke2 Rxc4 32.Rc6 Rf4 33.Rc1 Rf2+ 34.Kd3 Rxb2 35.a4 Ra2 36.Rxc7 e2  0-1

[Event "RUS-ch (Women)"]
[Site "Elista"]
[Date "1994.??.??"]
[Round "?"]
[White "Chekhova Kostina, Tatiana M"]
[Black "Titorenko, Natalia I"]
[Result "0-1"]
[WhiteElo "2260"]
[BlackElo "2100"]

1.d4 Nf6 2.c4 e6 3.Nc3 Bb4 4.Qc2 O-O 5.a3 Bxc3+ 6.Qxc3 d6 7.f3 Qe7 8.e4 e5
9.d5 a5 10.b4 axb4 11.axb4 Rxa1 12.Qxa1 b5 13.Bg5 c6 14.dxc6 Nxc6 15.cxb5 Nxb4
16.Qb2 d5 17.Bd2 Nxe4 18.Qxb4 Nc5 19.Be2 d4 20.Kf1 Rd8 21.Nh3 Bxh3 22.gxh3 e4
23.fxe4 Qxe4 24.Rg1 Nd3 25.Qb1 Qf5+ 26.Kg2 Qf2+ 27.Kh1 Qxe2 28.Rg2 Nf2+ 29.Kg1 Nxh3+
30.Kh1 Nf2+ 31.Kg1 Qxd2 32.Rxf2 Qg5+ 33.Kf1 Rc8 34.Qb3 Rc1+ 35.Ke2 Qe5+  0-1

[Event "RUS-ch (Women)"]
[Site "Elista"]
[Date "1994.??.??"]
[Round "?"]
[White "Chekhova Kostina, Tatiana M"]
[Black "Sirotkina, Nina"]
[Result "1/2-1/2"]
[WhiteElo "2260"]
[BlackElo "2225"]

1.d4 Nf6 2.c4 e6 3.Nc3 Bb4 4.Qc2 O-O 5.a3 Bxc3+ 6.Qxc3 d6 7.Bg5 Qe7 8.Nf3 Nbd7
9.e3 e5 10.Be2 Re8 11.Qc2 Nf8 12.O-O Ng6 13.dxe5 dxe5 14.c5 h6 15.Bxf6 Qxf6
16.Bd3 Nf8  1/2-1/2

[Event "RUS-ch"]
[Site "Elista"]
[Date "1994.??.??"]
[Round "1"]
[White "Kiriakov, Petr"]
[Black "Aseev, Konstantin N"]
[Result "1-0"]
[WhiteElo "2475"]
[BlackElo "2540"]

1.d4 Nf6 2.c4 e6 3.Nc3 Bb4 4.Qc2 O-O 5.a3 Bxc3+ 6.Qxc3 b6 7.Bg5 c5 8.dxc5 bxc5
9.e3 d6 10.Bd3 Nbd7 11.Ne2 Rb8 12.O-O Qb6 13.Rab1 Qb3 14.Bc2 Qxc3 15.Nxc3 Ba6
16.Rfd1 Bxc4 17.Rxd6 Rb6 18.Rxb6 axb6 19.Rd1 Rb8 20.b3 Ba6 21.Bf4 Ra8 22.a4 Kf8
23.e4 e5 24.Be3 Ke7 25.f3 Rc8 26.g4 Nf8 27.Bg5 Ke8 28.Bxf6 gxf6 29.Rd6 Rd8
30.Rxb6 Rd2 31.Rxa6 Rxc2 32.Nd5 Ne6 33.Ra8+ Kd7 34.Ra7+ Kc6 35.Rxf7 Nd4 36.Rxf6+ Kb7
37.Rf7+ Ka6 38.b4 Rc1+ 39.Kg2 cxb4 40.Nxb4+ Ka5 41.Nd3 Rc2+ 42.Kh3  1-0

[Event "ITA-ch53"]
[Site "Filettino"]
[Date "1994.??.??"]
[Round "1"]
[White "Marinelli, Tullio"]
[Black "Contin, Daniel"]
[Result "0-1"]
[WhiteElo "2370"]
[BlackElo "2420"]

1.d4 Nf6 2.c4 e6 3.Nc3 Bb4 4.Qc2 O-O 5.e3 b6 6.Bd3 c5 7.Ne2 Nc6 8.O-O Ba6
9.Ne4 cxd4 10.exd4 Be7 11.Nxf6+ Bxf6 12.Bxh7+ Kh8 13.Bd3 d5 14.Rd1 Rc8 15.Qa4 dxc4
16.Be4 Na5 17.Qa3 c3 18.Nxc3 Be7 19.Qa4 b5 20.Nxb5 Rc4 21.b4 Rxb4 22.Qa3 f5
23.Qh3+ Kg8 24.Na3 Rxd4  0-1

[Event "ITA-ch53"]
[Site "Filettino"]
[Date "1994.??.??"]
[Round "5"]
[White "Marinelli, Tullio"]
[Black "Mantovani, Renzo"]
[Result "1-0"]
[WhiteElo "2370"]
[BlackElo "2360"]

1.d4 Nf6 2.c4 e6 3.Nc3 Bb4 4.Qc2 O-O 5.e3 b6 6.Bd3 Bb7 7.f3 c5 8.Ne2 d5 9.cxd5 cxd4
10.exd4 exd5 11.O-O Ba6 12.Bg5 Bxd3 13.Qxd3 Be7 14.Ng3 h6 15.Bf4 Nc6 16.Nf5 Re8
17.g4 Qd7 18.a3 Bf8 19.Rac1 Re6 20.Kh1 Ne8 21.Rcd1 Ne7 22.Ne3 g6 23.Be5 Bg7
24.f4 f6 25.f5 Rc6 26.Bg3 g5 27.Rfe1 Bf8 28.Re2 Ng7 29.Rde1 Rac8 30.Qb5 Rd8
31.Nc2 Rcc8 32.Qd3 h5 33.h3 h4 34.Bh2 Nc6 35.Ne3 Ne7 36.Rc2 Re8 37.Rec1 Kh7
38.Qb5 Qxb5 39.Nxb5 Rxc2 40.Rxc2 a6 41.Nc7 Rc8 42.Ncxd5 Ne8 43.Nxb6 Rd8 44.d5 Kg8
45.b4 Nd6 46.Rc7 Nb5 47.Rb7 Nxa3 48.d6 Nc6 49.Ned5 Bxd6 50.Nxf6+ Kf8 51.Nbd7+ Kg7
52.Bxd6  1-0

[Event "FIN-chT"]
[Site "?"]
[Date "1994.??.??"]
[Round "?"]
[White "Yrjola, Jouni"]
[Black "Kiik, Kalle"]
[Result "1/2-1/2"]
[WhiteElo "2440"]
[BlackElo "2400"]

1.d4 Nf6 2.c4 e6 3.Nc3 Bb4 4.Qc2 O-O 5.a3 Bxc3+ 6.Qxc3 b6 7.Bg5 c5 8.dxc5 bxc5
9.e3 a5 10.Bd3 a4 11.Ne2 Qa5 12.O-O-O Qxc3+ 13.Nxc3 Ng4 14.Rd2 Nc6 15.Be2 f5
16.f3 Nf6 17.Kc2  1/2-1/2

[Event "Finkenstein op"]
[Site "Finkenstein"]
[Date "1994.??.??"]
[Round "?"]
[White "Haider, Bernd"]
[Black "Gostisa, Leon"]
[Result "0-1"]
[WhiteElo "2000"]
[BlackElo "2420"]

1.d4 Nf6 2.c4 e6 3.Nc3 Bb4 4.Qc2 O-O 5.a3 Bxc3+ 6.Qxc3 d6 7.Bg5 Nbd7 8.f3 e5
9.e3 h6 10.Bh4 Re8 11.Bd3 exd4 12.Qxd4 c5 13.Qxd6 Rxe3+ 14.Ne2 Re6 15.Bxf6 Qxf6
16.Qc7 Qxb2 17.Qd8+ Nf8 18.O-O b6 19.Rfe1 Bb7 20.Qc7 Bc6 21.Nf4 Qd4+ 22.Kh1 Rxe1+
23.Rxe1 Re8 24.Rd1 Ba4 25.Rg1 Qd7 26.Qxd7 Nxd7 27.Be4 Nf6 28.Bb7 Re3 29.Ra1 Bb3
30.Nd5 Nxd5 31.Bxd5 Rc3  0-1

[Event "FRA-chT "]
[Site "FRA"]
[Date "1994.??.??"]
[Round "3"]
[White "Touzane, Olivier"]
[Black "Wauters, Alain"]
[Result "1-0"]
[WhiteElo "2330"]
[BlackElo "2210"]

1.d4 Nf6 2.c4 e6 3.Nc3 Bb4 4.Qc2 O-O 5.a3 Bxc3+ 6.Qxc3 b6 7.Bg5 Bb7 8.f3 d6
9.e4 h6 10.Bh4 c5 11.dxc5 bxc5 12.O-O-O Nxe4 13.Bxd8 Nxc3 14.Rxd6 Nc6 15.Bh4 Na4
16.b3 Nb6 17.Bf2 Na5 18.Kc2 Rfc8 19.Ne2 Naxc4 20.bxc4 Nxc4 21.Rd3 Ba6 22.Ng3 Rab8
23.Rb3 Rxb3 24.Kxb3 Nd2+ 25.Kc2 Nxf1 26.Nxf1 Bb5 27.Nd2 f5 28.Re1 c4 29.Kc3 Kf7
30.Re5 a6 31.f4 g5 32.fxg5 hxg5 33.Rc5 Rh8 34.h3 g4 35.Rc7+ Kg6 36.Bd4 Rh5
37.Rg7+ Kh6 38.hxg4 fxg4 39.Rxg4 Rh1 40.Be3+ Kh5 41.Rg5+  1-0

[Event "Frydek-Mistek op"]
[Site "Frydek-Mistek"]
[Date "1994.??.??"]
[Round "?"]
[White "Pastor, Karel Jr"]
[Black "Kruszynski, Wlodzimierz"]
[Result "1/2-1/2"]
[WhiteElo "2215"]
[BlackElo "2375"]

1.d4 Nf6 2.c4 e6 3.Nc3 Bb4 4.Qc2 O-O 5.Nf3 b6 6.e4 d5 7.e5 Ne8 8.Bd3 h6 9.O-O Bb7
10.cxd5 exd5 11.Ne2 c6 12.Nf4 Nc7 13.Nh5 Nd7 14.Bf5 Be7 15.e6 Nxe6 16.Bxe6 fxe6
17.Qg6 Rf7 18.Bxh6 Bf6 19.Bg5 Nf8 20.Nxf6+ Qxf6 21.Qh5 Qg6 22.Qh4  1/2-1/2

[Event "Gausdal Int"]
[Site "Gausdal"]
[Date "1994.??.??"]
[Round "1"]
[White "Sadler, Matthew"]
[Black "Steingrimsson, Hedinn"]
[Result "1-0"]
[WhiteElo "2560"]
[BlackElo "2410"]

1.d4 Nf6 2.c4 e6 3.Nc3 Bb4 4.Qc2 O-O 5.a3 Bxc3+ 6.Qxc3 b6 7.Bg5 c5 8.dxc5 bxc5
9.e3 Bb7 10.f3 Qe7 11.Bd3 d6 12.Ne2 Nbd7 13.O-O Ne5 14.Bc2 Rab8 15.Rad1 Ba8
16.Ng3 h6 17.Bf4 Nfd7 18.Ne4 Bxe4 19.Bxe4 Rb6 20.Bc2 Qf6 21.Kh1 Rfb8 22.Rd2 Qe7
23.Rfd1 f6 24.a4 a5 25.b3 Ra6 26.Bg3 Kf8 27.f4 Nf7 28.Qd3 Rd8 29.Qg6 Nb8
30.Bh4 Nc6 31.Qh7 Rb6 32.h3 Nb4 33.Bg6 Nc6 34.Bc2 Nb4 35.Bg6 Nc6 36.Rf2 Rxb3
37.Rf3 Rc3 38.Rg3 Nd4 39.Bh5 g5 40.fxg5 hxg5 41.Bxg5 Ke8  1-0

[Event "Peer Gynt"]
[Site "Gausdal"]
[Date "1994.??.??"]
[Round "1"]
[White "Kumaran, Dharshan"]
[Black "Holmsgaard, Henrik"]
[Result "1/2-1/2"]
[WhiteElo "2495"]
[BlackElo "2270"]

1.d4 Nf6 2.c4 e6 3.Nc3 Bb4 4.Qc2 O-O 5.a3 Bxc3+ 6.Qxc3 b6 7.Bg5 Bb7 8.e3 d6
9.f3 Nbd7 10.Bd3 c5 11.Ne2 Rc8 12.Qb3 cxd4 13.exd4 d5 14.cxd5 Bxd5 15.Qd1 Bc4
16.O-O b5 17.Rc1 Qb6 18.Kh1 Nd5 19.Nc3 Nxc3 20.Rxc3 Qd6 21.Bxc4 Rxc4 22.Rxc4  1/2-1/2

[Event "Arnold Cup"]
[Site "Gausdal"]
[Date "1994.??.??"]
[Round "2"]
[White "Sadler, Matthew"]
[Black "Reeh, Oliver"]
[Result "1-0"]
[WhiteElo "2560"]
[BlackElo "2430"]

1.d4 Nf6 2.c4 e6 3.Nc3 Bb4 4.Qc2 O-O 5.a3 Bxc3+ 6.Qxc3 b6 7.Bg5 Bb7 8.f3 h6
9.Bh4 d5 10.e3 Nbd7 11.cxd5 Nxd5 12.Bxd8 Nxc3 13.Bh4 Nd5 14.Bf2 f5 15.Bb5 c6
16.Bc4 Kh8 17.Ne2 e5 18.O-O Rae8 19.Rfe1 e4 20.Bxd5 cxd5 21.Rac1 Rc8 22.Nf4 Rfe8
23.h4 exf3 24.gxf3 g5 25.Rxc8 Bxc8 26.hxg5 hxg5 27.Nh3 Rg8 28.Kg2 Nf6 29.Rh1 g4
30.Nf4+ Kg7 31.Rc1 gxf3+ 32.Kxf3 Ne4 33.Rc7+ Kh6 34.Rxa7 Rg7 35.Rxg7 Kxg7
36.Nxd5 b5 37.Be1 Bb7 38.Nc7 Kf6 39.Kf4 Bc6 40.Bc3 Bd7 41.d5+ Ke7 42.Ke5 Nf2
43.Bb4+ Kd8 44.Ne6+ Ke8 45.Nc5 Nd1 46.Kd6  1-0

[Event "Gausdal Int"]
[Site "Gausdal"]
[Date "1994.??.??"]
[Round "3"]
[White "Gausel, Einar"]
[Black "Bergstrom, Rolf"]
[Result "1-0"]
[WhiteElo "2505"]
[BlackElo "2330"]

1.d4 Nf6 2.c4 e6 3.Nc3 Bb4 4.Qc2 O-O 5.Nf3 d6 6.a3 Bxc3+ 7.Qxc3 b6 8.g3 Bb7
9.Bg2 Nbd7 10.O-O Qe7 11.b3 Rfe8 12.Bb2 Rac8 13.Rad1 Be4 14.Rfe1 c6 15.Bh3 d5
16.Nd2 Bg6 17.Bg2 h6 18.e4 dxe4 19.Nxe4 Nxe4 20.Bxe4 Bxe4 21.Rxe4 Nf6 22.Re2 Red8
23.Qf3 Ne8 24.Rd3 Qf6 25.Qg4 Rd7 26.d5 Qd8 27.Rf3 cxd5 28.Rxe6 fxe6 29.Qxe6+ Kh7
30.Rf8 d4 31.Bxd4 Rc6 32.Qxc6 Rxd4 33.Qxe8 Rd1+ 34.Kg2 Qxe8 35.Rxe8 Rd3 36.Re3  1-0

[Event "Peer Gynt"]
[Site "Gausdal"]
[Date "1994.??.??"]
[Round "5"]
[White "Kumaran, Dharshan"]
[Black "Hanssen, Gunnar Berg"]
[Result "1/2-1/2"]
[WhiteElo "2495"]
[BlackElo "2275"]

1.d4 Nf6 2.c4 e6 3.Nc3 Bb4 4.Qc2 O-O 5.a3 Bxc3+ 6.Qxc3 b6 7.Nf3 Bb7 8.e3 d6
9.Be2 Nbd7 10.O-O c5 11.b3 Qe7 12.Bb2 Rfe8 13.Nd2 Rac8 14.dxc5 Nxc5 15.Rad1 Red8
16.Ba1 Qf8 17.f3 Ncd7 18.b4 d5 19.Qb3 e5 20.cxd5 Bxd5 21.Bc4 Qd6 22.Qb2 Qe6
23.Ba6 Rb8 24.Be2 b5 25.e4 Qb6+ 26.Kh1 Be6 27.Nb3 Rbc8 28.Na5 Ne8 29.Rd2 f6
30.Rfd1 Nb8 31.Rxd8 Rxd8 32.Rxd8 Qxd8 33.Nb7 Qb6 34.Nc5 Bf7 35.Qd2 Nd6 36.f4 exf4
37.Qxf4 Nc4 38.Bxc4 Bxc4 39.e5 Qd8 40.Qg4 f5 41.Qf3 Qd2 42.h3 Qe1+ 43.Kh2 Qxa1
44.Qxf5 Qf1 45.Qe4 g5 46.Qa8 Qf8 47.e6 Qf4+ 48.Kh1 Qf1+ 49.Kh2 Qf4+  1/2-1/2

[Event "BL2-N9394"]
[Site "Germany"]
[Date "1994.??.??"]
[Round "?"]
[White "Lagunow, Alexander"]
[Black "Breyther, Ruediger"]
[Result "1/2-1/2"]
[WhiteElo "2420"]
[BlackElo "2315"]

1.d4 Nf6 2.c4 e6 3.Nc3 Bb4 4.Qc2 O-O 5.e4 c5 6.a3 Bxc3+ 7.bxc3 d6 8.Bd3 e5
9.d5 Qa5 10.Ne2 a6 11.Rb1 Bd7 12.Rxb7 Ba4 13.Qd2 Nbd7 14.Ng3 g6 15.O-O Rfb8
16.Rxb8+ Rxb8 17.f4 exf4 18.Rxf4 Re8 19.Bf1 Qb6 20.Qf2 Qb1 21.Be3 Nxe4 22.Nxe4 Rxe4
23.Rxf7 Rxe3 24.Rxd7 Bxd7 25.Qxe3 Qb8 26.h4 Qd8 27.h5 Qf6 28.Bd3 gxh5 29.Qe4 Bg4
30.Qxh7+ Kf8 31.Bg6 Qg7 32.Qxg7+ Kxg7 33.Bd3 Kf6 34.Kf2 h4 35.Ke3 Ke5 36.Bc2 Bh5
37.Bd3  1/2-1/2

[Event "Bundesliga 9394"]
[Site "Germany"]
[Date "1994.??.??"]
[Round "?"]
[White "Michaelsen, Nils"]
[Black "Luther, Thomas"]
[Result "1-0"]
[WhiteElo "2435"]
[BlackElo "2480"]

1.d4 e6 2.c4 Nf6 3.Nc3 Bb4 4.Qc2 O-O 5.Bg5 h6 6.Bh4 d6 7.e3 b6 8.Bd3 Bb7
9.Ne2 Nbd7 10.f3 c5 11.O-O cxd4 12.exd4 Rc8 13.a3 Bxc3 14.Nxc3 d5 15.cxd5 exd5
16.Rfe1 a6 17.Bh7+ Kh8 18.Bf5 Rc4 19.Rad1 Re8 20.Bxd7 Qxd7 21.Bxf6 gxf6 22.Qd2 Kg7
23.Rxe8 Qxe8 24.Qf4 b5 25.Qg3+ Kh7 26.Re1 Qg8 27.Re7 Qxg3 28.hxg3 Bc8 29.Nxd5 Kg7
30.Nb6 Rc1+ 31.Kf2 Bf5 32.d5 Rd1 33.g4 Bc2 34.Re1 Rd4 35.Rc1 Bg6 36.Ke2 f5
37.Ke3  1-0

[Event "Bundesliga 9394"]
[Site "Germany"]
[Date "1994.??.??"]
[Round "?"]
[White "Michaelsen, Nils"]
[Black "Reeh, Oliver"]
[Result "1/2-1/2"]
[WhiteElo "2435"]
[BlackElo "2435"]

1.d4 Nf6 2.c4 e6 3.Nc3 Bb4 4.Qc2 O-O 5.Bg5 h6 6.Bh4 c5 7.dxc5 Na6 8.e3 Nxc5
9.Ne2 b5 10.cxb5 Bb7 11.f3 g5 12.Bf2 Nfe4 13.a3 Nxf2 14.Kxf2 Bxc3 15.Nxc3 Rc8
16.Be2 d5 17.Rhd1 Qf6 18.Rac1 g4 19.Rd4 Ne4+ 20.Kg1 gxf3 21.Bxf3 Nd6 22.Qe2 Nc4
23.Re1 Qe5 24.Qf2 f5 25.a4 Rc7 26.Bd1 Nd6 27.Qf4 Qxf4 28.exf4 Kf7 29.Bb3 Kf6
30.a5 Rfc8 31.Rb4 Rc5 32.a6 Ba8 33.b6 axb6 34.Rxb6 R5c6 35.Rxc6 Rxc6 36.Nxd5+ exd5
37.Bxd5 Rxa6 38.Re6+ Kg7 39.Bxa8 Ra1+ 40.Kf2 Nc4 41.b3 Rxa8 42.bxc4 Rc8 43.Re5 Rxc4
44.Rxf5 Kg6 45.g4 Rc2+ 46.Kg3 Rc3+ 47.Kh4 Rc4 48.h3 Ra4 49.Kg3 Ra3+ 50.Kg2 Ra2+
51.Kg1 Ra1+ 52.Kf2 Ra2+ 53.Ke1 Ra1+ 54.Kd2 Ra2+ 55.Kd1 Ra1+ 56.Kc2 Ra2+ 57.Kb3 Rf2
58.h4 h5 59.Rxh5 Rf3+ 60.Kc2 Rxf4 61.Rg5+ Kh6 62.Rg8 Kh7 63.Rg5  1/2-1/2

[Event "NRW-Liga II 9394"]
[Site "Germany"]
[Date "1994.??.??"]
[Round "?"]
[White "Ziegler, Ari"]
[Black "Rechmann, Peter"]
[Result "1-0"]
[WhiteElo "2335"]
[BlackElo "2360"]

1.d4 Nf6 2.c4 e6 3.Nc3 Bb4 4.Qc2 O-O 5.a3 Bxc3+ 6.Qxc3 Qe8 7.Nf3 d6 8.b3 b6
9.g3 Bb7 10.Bg2 Nbd7 11.O-O c5 12.Bb2 Rc8 13.Rfd1 Qe7 14.Rac1 Rfd8 15.dxc5 Nxc5
16.Ne1 Bxg2 17.Nxg2 a6 18.f3 Qb7 19.Qe3 Ne8 20.Nf4 b5 21.cxb5 Qxb5 22.b4 Na4
23.Ba1 Rxc1 24.Rxc1 e5 25.Nd3 Nb6 26.Qe4 Nd5 27.Qc4 Nb6 28.Qb3 a5 29.Bc3 Rc8
30.Be1 Rxc1 31.Nxc1 h6 32.Bf2 Nc4 33.bxa5 Qxb3 34.Nxb3 Nc7 35.a4 Nb2 36.Nd2 d5
37.Bc5 Na6 38.Bd6 f6 39.e4 dxe4 40.fxe4 Nxa4 41.Kf2 Kf7 42.Ke3 Nc3 43.Nb3 Nb5
44.Bc5 Ke6 45.Bf8 Kf7 46.Bc5 Ke6 47.Kd3 Nxc5+ 48.Nxc5+ Kd6 49.Na6 Kc6 50.Nb4+ Kc5
51.Nd5 Na7 52.Ne7 Kb5 53.Nf5 Kxa5 54.Nxg7 Kb5 55.Ne8 Kc6 56.Nxf6 Kd6 57.Ng4 h5
58.Nf6 h4 59.gxh4 Nc6 60.h5 Ke6 61.Ng4 Nd8 62.h6 Nf7 63.h4 Nh8 64.h5 Nf7
65.h7 Nh8 66.Ke3 Nf7 67.Kf2 Nh8 68.Kg3 Nf7 69.Kh4 Kd6 70.Nh6 Nh8 71.Kg5 Ke7
72.Kf5 Kf8 73.Kf6  1-0

[Event "NRW-Liga I 9394"]
[Site "Germany"]
[Date "1994.??.??"]
[Round "?"]
[White "Wehmeier, Stefan"]
[Black "Emunds, Hans Georg"]
[Result "1-0"]
[WhiteElo "2290"]
[BlackElo "2250"]

1.d4 Nf6 2.c4 e6 3.Nc3 Bb4 4.Qc2 O-O 5.Bg5 d6 6.a3 Bxc3+ 7.Qxc3 Nbd7 8.e3 b6
9.Bd3 Bb7 10.f3 e5 11.Ne2 h6 12.Bh4 Qe7 13.O-O Rfe8 14.Rae1 d5 15.Ng3 g6
16.Qc2 exd4 17.exd4 Qxe1 18.Rxe1 Rxe1+ 19.Nf1 Re6 20.Bxg6 fxg6 21.Qxg6+ Kf8
22.Ne3 Rxe3 23.Qxh6+ Kf7 24.Qxe3 dxc4 25.Qf4 Rc8 26.g4 Kg7 27.Qf5 Rd8 28.g5 Nd5
29.g6 N7f6 30.Bg3 Ne7 31.Qe6 Nxg6 32.Be5 Rf8 33.f4 b5 34.f5 Nh4 35.Qe7+  1-0

[Event "Goch op"]
[Site "Goch"]
[Date "1994.??.??"]
[Round "3"]
[White "Wolkowski, Boris"]
[Black "Pioch, Thomas"]
[Result "1/2-1/2"]
[WhiteElo "1875"]
[BlackElo "2165"]

1.d4 Nf6 2.c4 e6 3.Nc3 Bb4 4.Qc2 O-O 5.a3 Bxc3+ 6.Qxc3 Ne4 7.Qc2 d5 8.Nf3 Nd7
9.g3 c6 10.Bg2 a5 11.b3 b6 12.O-O Bb7 13.cxd5 cxd5 14.Bf4 Qe8 15.Qb2 Qe7
16.Rfc1 f6 17.Nd2 Nd6 18.Bxd6 Qxd6 19.e4 Rfd8 20.exd5 exd5 21.Nf1 g6  1/2-1/2

[Event "Graz op"]
[Site "Graz"]
[Date "1994.??.??"]
[Round "9"]
[White "Loebler, Heimo"]
[Black "Stajcic, Nikola"]
[Result "1-0"]
[WhiteElo "2245"]
[BlackElo "2350"]

1.d4 Nf6 2.c4 e6 3.Nc3 Bb4 4.Qc2 O-O 5.a3 Bxc3+ 6.Qxc3 b6 7.Bg5 c5 8.dxc5 bxc5
9.e3 d6 10.f3 Nbd7 11.Nh3 a5 12.Be2 Qb6 13.Rd1 h6 14.Bh4 d5 15.Rd2 Bb7 16.O-O Rfe8
17.Bf2 Bc6 18.Rc1 a4 19.Nf4 Rec8 20.Rcd1 Qb7 21.cxd5 exd5 22.Bd3 Rd8 23.Bf5 c4
24.Bh4 Re8 25.Bxd7 Nxd7 26.Nxd5 Bxd5 27.Rxd5 Nf8 28.e4 Rec8 29.Bf2 Rab8 30.Bd4 Ne6
31.Be5 Qa7+ 32.Kh1 Rb3 33.Qd2 Nc5 34.Qf2 Qa5 35.Qg3 g6 36.Qh3 Qa8 37.Qxh6 Ne6
38.Qh8+  1-0